Revista de Investigación y Evaluación Educativa (Record no. 12492)

MARC details
000 -LEADER
campo de control de longitud fija 01063nasaa22002292ib4500
003 - IDENTIFICADOR DE NÚMERO DE CONTROL
campo de control OSt
005 - FECHA Y HORA DE LA ÚLTIMA TRANSACCIÓN
campo de control 20250210131234.0
008 - DATOS DE LONGITUD FIJA--INFORMACIÓN GENERAL
campo de control de longitud fija 250210b2025 dr fr|gsdpspao00| z spa d
040 ## - FUENTE DE CATALOGACIÓN
Centro catalogador/agencia de origen CGID0020
Lengua de catalogación spa
Centro/agencia transcriptor CGID0020
Normas de descripción rda
110 ## - ENTRADA PRINCIPAL--NOMBRE DE ENTIDAD CORPORATIVA
Nombre de entidad corporativa o nombre de jurisdicción como elemento de entrada Instituto Dominicano de Evaluación e Investigación de la Calidad Educativa
245 ## - MENCIÓN DEL TÍTULO
Título Revista de Investigación y Evaluación Educativa
Resto del título Vol. 12 Núm. 1 (2025): Revie
260 ## - PUBLICACIÓN, DISTRIBUCIÓN, ETC.
Lugar de publicación, distribución, etc. Republica Dominicana, Santo Domingo :
Nombre del editor, distribuidor, etc. IDEICE
Fecha de publicación, distribución, etc. 2025
300 ## - DESCRIPCIÓN FÍSICA
Extensión 103p.
310 ## - PERIODICIDAD ACTUAL
Periodicidad actual Semetral
505 ## - NOTA DE CONTENIDO CON FORMATO
Nota de contenido con formato Jesús Andújar Avilés 2- Mario Cavani 3- Sara Padilla-Cuerda, Sabina Civila 4- Milagros de Jesús Guzmán Martínez, Rosario Ynmaculada Cáceres Rosario, Luis Miguel Pacheco Ferreira 5- Alejandro Díaz-Cabriales
700 ## - ENTRADA AGREGADA--NOMBRE PERSONAL
Nombre de persona Jesús Andújar Avilés 2- Mario Cavani
700 ## - ENTRADA AGREGADA--NOMBRE PERSONAL
Nombre de persona 3- Sara Padilla-Cuerda, Sabina Civila
700 ## - ENTRADA AGREGADA--NOMBRE PERSONAL
Nombre de persona 4- Milagros de Jesús Guzmán Martínez ; Rosario Ynmaculada Cáceres Rosario ;
700 ## - ENTRADA AGREGADA--NOMBRE PERSONAL
Nombre de persona Luis Miguel Pacheco Ferreira
700 ## - ENTRADA AGREGADA--NOMBRE PERSONAL
Nombre de persona 5- Alejandro Díaz-Cabriales
942 ## - ELEMENTOS DE ENTRADA SECUNDARIOS (KOHA)
Fuente de la clasificación o esquema de estantería Clasificación Decimal Dewey
Tipo de ítem Koha Revistas
Suprimir en OPAC No
Holdings
Estatus retirado Estado de pérdida Fuente de la clasificación o esquema de estantería Estado de daño No para préstamo Biblioteca de origen Biblioteca actual Fecha de adquisición Total de préstamos Visto por última vez Identificador uniforme de recursos Precio de reemplazo Tipo de ítem Koha
    Clasificación Decimal Dewey     Biblioteca IDEICE Biblioteca IDEICE 10/02/2025   10/02/2025 https://doi.org/10.47554/revie.vol12.num1.2025.pp4-5 10/02/2025 Revistas

© 2024. Todos los Derechos Reservados. Desarrollado por IDEICE